Catàleg de serveis de l'Àrea de Serveis a la Persona : abril de 2001 abril de 2001
Descripción Física:
106 p. : il., col. ; 23 cm
MARC
| LEADER | 00000nam a2200000Ia 4500 | ||
|---|---|---|---|
| 001 | 16072 | ||
| 008 | 160829s2001 xx 000 0 cat d | ||
| 080 | |a M-5-4 | ||
| 245 | |a Catàleg de serveis de l'Àrea de Serveis a la Persona : |b abril de 2001 | ||
| 260 | |a [Sant Just Desvern] : |b Ajuntament de Sant Just Desvern, |c 2001 | ||
| 300 | |a 106 p. : |b il., col. ; |c 23 cm | ||
| 650 | |a Serveis Municipals |x Sant Just Desvern |x Guies |9 34469 | ||
| 710 | 1 | |a Sant Just Desvern (Catalunya). |b Ajuntament |9 55488 | |
| 901 | |a Arxiu | ||
| 942 | |n 1 | ||
| 952 | |0 0 |1 0 |4 0 |6 M54 |7 1 |9 46531 |a Arxiu |b Arxiu |d 2016-12-01 |l 0 |o M-5-4 |p 16072 |r 2016-12-01 00:00:00 |w 2016-12-01 |y ARXIU | ||
| 999 | |c 50322 |d 50322 | ||